| 000 | 00355nam a2200145Ia 4500 | ||
|---|---|---|---|
| 008 | 191201s2005 xx 000 0 und d | ||
| 082 |
_a006.6 _bKEE |
||
| 100 | _aUPPAL, M M | ||
| 245 | 0 | _aEngineering Chemistry Chemical Technology | |
| 250 | _a7th | ||
| 260 |
_aN.Delhi _bKhanna Publisher _c2005 |
||
| 300 | _a1442 | ||
| 650 | _aApplied | ||
| 942 |
_2ddc _cBK |
||
| 999 |
_c2021 _d2021 |
||